Quotes About Brexit Quiz Stats

 Plays Quiz Updated Oct 31, 2019

Score 0/30 Timer 08:00
1 Play Today
% Correct
a cup of coffee
86%
it ceases to be a democracy
85.1%
most of the cards
83.6%
a youngster from Glasgow
83.1%
I will be advocating Vote Leave
80.8%
I loved being prime minister
80.1%
humiliation
80.1%
success
79.7%
your foot off
78.1%
British friends
78%
chaos
77.6%
legacy
77%
a trade deal
76.8%
but then we Trumped it
76.6%
stronger
75%
% Correct
one of the easiest in human history
71.8%
I don’t have to be very clever
70.7%
piece of paper with numbers on it
67.5%
they thought all of this through
66.2%
war
66.1%
path
65%
a pound-shop Bismarck
64.7%
a unilateral declaration of independence
62%
the divorce lawyers
61.5%
Britain
59.1%
I can’t negotiate with myself
57.2%
anger in our politics
50.6%
unfinished business by a long way
43.4%
threatening our place in the Single Market
39.9%
the very best of our wines
35.6%

You're not logged in!

Compare scores with friends on all Sporcle quizzes.
OR
Log In

Sporcle TV

Today on Sporcle TV


Watch our educational content, quiz creation guides, and fun videos on Sporcle TV.

Show Comments

Extras

Top Quizzes Today


Score Distribution

Your Account Isn't Verified!

In order to create a playlist on Sporcle, you need to verify the email address you used during registration. Go to your Sporcle Settings to finish the process.

Report this User

Report this user for behavior that violates our Community Guidelines.

Details: